| 000 | 00888nam a2200277 a 4500 | ||
|---|---|---|---|
| 001 | 000005604 | ||
| 003 | DO-SdBNP | ||
| 005 | 20170928085227.0 | ||
| 007 | 000005604 | ||
| 008 | 090820s2008 dr a 000 f spa d | ||
| 020 | _a9789993425748 | ||
| 040 |
_aBPMSU _bspa _cBPMSU |
||
| 082 | 4 |
_aRD863.44 _bC965s |
|
| 100 | 1 | _aCuello, César | |
| 245 | 1 | 0 |
_aSaturno devorado por el padre tiempo / _cCésar Cuello ; ilustraciones Manuel Almonte. |
| 260 |
_aSanto Domingo : _bInstituto Tecnológico de Santo Domingo, (INTEC), _c2008. |
||
| 300 |
_a257 P. : _bil. ; _c21 cm. |
||
| 500 | _aIncluye datos biográficos del autor. | ||
| 650 | 4 | _aNOVELA DOMINICANA | |
| 650 | 4 | _aLITERATURA DOMINICANA | |
| 700 | 1 |
_aAlmonte, Manuel, _eil. |
|
| 910 | _aValidado. Control de calidad BNPHU | ||
| 942 |
_2ddc _cBK |
||
| 945 | _aInventariado / 2017 VM | ||
| 956 |
_aVMATEO _b10 _c20150731 _lBPMSU _h00151 |
||
| 999 |
_c8035 _d8035 |
||